Bodies of Water by Shape #1 - Statistics

General Stats
  • This quiz has been taken 87 times
  • The average score is 7 of 16
Answer Stats
Answer % Correct
Red Sea
78%
Mediterranean Sea
76%
Lake Michigan
75%
Lake Baikal
58%
Lake Huron
57%
Lake Ontario
53%
Adriatic Sea
50%
Hudson Bay
50%
Gulf of Mexico
46%
Great Bear Lake
45%
North Sea
41%
Lake Tanganyika
39%
East China Sea
32%
Lake Winnipeg
22%
Tasman Sea
17%
Bay of Bothnia
11%
No matching quizzes found
Score Distribution
Percent of People with Each Score
Percentile by Number Answered
Your Score History
You have not taken this quiz